| 000 | 00968nam a2200277 a 4500 | ||
|---|---|---|---|
| 001 | 000044654 | ||
| 003 | DO-SdBNP | ||
| 005 | 20230221134210.0 | ||
| 007 | ta | ||
| 008 | 141211s2013 dr a 000 0 spa d | ||
| 020 | _a9789945456010 | ||
| 040 |
_aDO-SdBNP _bspa _cBNPHU |
||
| 082 | 4 | _222 | |
| 100 | 1 |
_aLamarche, Carlos _972669 |
|
| 245 | 1 | 0 |
_aTu estilo, tu actitud / _cCarlos Lamarche ; dirección editorial Ruth Herrera ; revisión y corrección de estilo Miriam Veliz ; ilustraciones Claudia Rodríguez |
| 260 |
_aSanto Domingo : _bSantillana, _c2013. |
||
| 300 |
_a164 p. : _bilustraciones ; _c21 cm. |
||
| 490 | 1 | _aAguilar | |
| 500 | _aIncluye datos biográficos del autor en la solapa de la cubierta | ||
| 590 | _aInventariado 2023/BT | ||
| 700 | 1 |
_aHerrera, Ruth, _beditora _972670 |
|
| 700 | 1 |
_aVeliz, Miriam, _brevisión y corrección _972671 |
|
| 700 | 1 |
_aRodríguez, Claudia, _eilustraciones _983142 |
|
| 830 | 0 |
_aAguilar _933385 |
|
| 942 |
_2ddc _cLBS1 |
||
| 999 |
_c44143 _d44143 |
||